Place Attachment (Record no. 15647)

MARC details
000 -LEADER
fixed length control field 00350nam a2200145Ia 4500
008 - FIXED-LENGTH DATA ELEMENTS--GENERAL INFORMATION
fixed length control field 220803s9999 xx 000 0 und d
020 ## - INTERNATIONAL STANDARD BOOK NUMBER
International Standard Book Number 9780415538213
041 ## - LANGUAGE CODE
Language code of text/sound track or separate title eng
082 ## - DEWEY DECIMAL CLASSIFICATION NUMBER
Classification number 155.5'1 MAN
100 ## - MAIN ENTRY--PERSONAL NAME
Personal name Manzo L C Ed.
9 (RLIN) 24758
245 ## - TITLE STATEMENT
Title Place Attachment
260 ## - PUBLICATION, DISTRIBUTION, ETC. (IMPRINT)
Place of publication, distribution, etc. New York
Name of publisher, distributor, etc. Taylor And Francis
Date of publication, distribution, etc. 2014
300 ## - PHYSICAL DESCRIPTION
Extent 218p
500 ## - GENERAL NOTE
Keywords ENVIR
Holdings
Withdrawn status Lost status Damaged status Not for loan Collection code Home library Current library Date acquired Vendor Cost, normal purchase price Full call number Barcode Date last seen Cost, replacement price Bill Date Koha item type Original Barcode Total Checkouts Checked out Date last checked out
      Reference Book of B Arch Dr. Bhanuben Nanavati College of Architecture Dr. Bhanuben Nanavati College of Architecture 16/10/2014 Samutkarsh 3269.00 711.5 MAN BNCA-BK-9033 03/08/2022 3269.00 15/10/2014 Reference book B09033      
        Book of B Arch Dr. Bhanuben Nanavati College of Architecture Dr. Bhanuben Nanavati College of Architecture 30/11/2016 Flipkart.com 2900.00 711.5 MAN BNCA-BK-9909 19/07/2023 2900.00 21/11/2016 Reference book B09909 1 18/08/2023 19/07/2023